Good news Bible/ (Record no. 20025)

MARC details
000 -LEADER
fixed length control field 00928cam a2200241 i 4500
001 - CONTROL NUMBER
control field 2709643
003 - CONTROL NUMBER IDENTIFIER
control field BDDh-ASL
005 - DATE AND TIME OF LATEST TRANSACTION
control field 20231015025833.0
008 - FIXED-LENGTH DATA ELEMENTS--GENERAL INFORMATION
fixed length control field 770111s19771976nyua 000 0 eng
010 ## - LIBRARY OF CONGRESS CONTROL NUMBER
LC control number 76150947
040 ## - CATALOGING SOURCE
Original cataloging agency DLC
Transcribing agency DLC
Modifying agency DLC
-- BDDh-ASL
050 00 - LIBRARY OF CONGRESS CALL NUMBER
Classification number BS195
Item number .T63 1976
082 00 - DEWEY DECIMAL CLASSIFICATION NUMBER
Classification number 220
Item number BIB
130 0# - MAIN ENTRY--UNIFORM TITLE
Uniform title Bible.
Language of a work English.
Version Today's English.
Date of a work 1976.
245 10 - TITLE STATEMENT
Title Good news Bible/
Remainder of title the Bible in Today's English version.
260 ## - PUBLICATION, DISTRIBUTION, ETC.
Place of publication, distribution, etc. New York :
Name of publisher, distributor, etc. American Bible Society,
Date of publication, distribution, etc. 1977.
300 ## - PHYSICAL DESCRIPTION
Extent 1041, 408 p. :
Other physical details ill. ;
Dimensions 20 cm.
500 ## - GENERAL NOTE
General note "The basic text for the Old Testament is the Masoretic text printed in Biblia Hebraica (3rd edition, 1937) ... for the New Testament is the Greek New Testament published by the United Bible Societies (3rd edition, 1975)."
650 #0 - SUBJECT ADDED ENTRY--TOPICAL TERM
9 (RLIN) 2558
Topical term or geographic name entry element Bible
710 2# - ADDED ENTRY--CORPORATE NAME
Corporate name or jurisdiction name as entry element American Bible Society.
906 ## - LOCAL DATA ELEMENT F, LDF (RLIN)
a 7
b cbc
c orignew
d 2
e ncip
f 19
g y-gencatlg
942 ## - ADDED ENTRY ELEMENTS (KOHA)
Source of classification or shelving scheme Dewey Decimal Classification
Koha item type Books
Holdings
Withdrawn status Lost status Source of classification or shelving scheme Damaged status Not for loan Collection code Home library Current library Shelving location Date acquired Source of acquisition Total Checkouts Full call number Barcode Date last seen Copy number Price effective from Koha item type
    Dewey Decimal Classification     Non-fiction Asiatic Society Library Asiatic Society Library General Stacks 12/24/2020 ASB Collection   220 BIB 103427 12/24/2020 C-1 12/24/2020 Books

Powered by Koha